| 000 | 00795cab a2200241 4500 | ||
|---|---|---|---|
| 001 | ABS59672 | ||
| 008 | 090401t1998 xxu||||| |||| 00| 0 eng d | ||
| 035 | _a(Sirsi) u90063 | ||
| 041 | _aeng | ||
| 100 | _aTerry, R. | ||
| 245 | _aGetting off the downward spiral | ||
| 260 | _c1998 | ||
| 350 | _a0 | ||
| 490 |
_aHousing Today _v111 26 November 1998, 24(1) |
||
| 520 | _aReviews a Joseph Rowntree Foundation report to encourage personal investment in housing through shared ownership by the use of flexible tenure, making it work for the majority by extending the use of the Recycled Capital Grant Fund. | ||
| 650 | _aFLEXIBLE TENURE | ||
| 650 | _aHOMEOWNERS | ||
| 650 | _aPROPERTY | ||
| 650 | _aSHARED OWNERSHIP | ||
| 690 | _aHOUSING-FINANCE | ||
| 942 | _n0 | ||
| 948 | _c01/12/1998 | ||
| 999 |
_c57040 _d57040 |
||